000 00534nam a2200193Ia 4500
005 20250923145656.0
008 008 250917s9999 xx 000 0 eng d
037 _aTextual
040 _aDSWL
_beng
_cDSWL
041 _aeng
_2eng
084 _aY:45.73, N81
_qDSWL
245 0 _aComparing female and male offence
_cEd. by M.Q.Warren
260 _aCalifornia
_bSage Pub
_c1981
300 _a141 p.
365 _aINR
_b114.63
925 _g114.63
942 _cTEXL
_hY:45.73, N81
999 _c1454226
_d1454226